000 00295nam a2200145Ia 4500
100 _aSholokhov/Mikhail
650 _aGeneral
942 _cBK
654 _aSoil
245 _aVirgin Soil Upturned I
260 _bProgress Publishers
082 _a891.7
300 _a422
546 _aENGLISH
999 _c19841
_d19841